000 01020cad a22002415a 4500
001 L150505
008 100721s2010 xxk f 000 0 eng d
020 _a9780111500071
035 _a(Sirsi) u150505
041 0 _aeng
050 0 4 _a306.1 $2 18
245 0 0 _aDwelling Houses (Execution of Possession Orders by Mortgagees) Regulations 2010
_h[electronic resource]
260 _aLondon
_bTSO
_c2010
490 0 _aSI
_v2010: 908
520 _aPrescribes procedure for giving notice of execution of possession orders by mortgagees in relation to dwelling houses.
590 _aKA
650 2 4 _aDWELLING HOUSES (EXECUTION OF POSSESSION ORDER BY MORTGAGEES) REGULATIONS 2010
650 2 4 _aMORTGAGE REPOSSESSIONS (PROTECTION OF TENANTS ETC) ACT 2010
651 4 _aENGLAND AND WALES
690 _aPROPERTY-RESIDENTIAL PROPERTY-ACQUISITION AND DISPOSAL OF RESIDENTIAL PROPERTY
856 4 8 _uhttps://www.legislation.gov.uk/uksi/2010/1809/made
_zView this item free of charge at www.legislation.gov.uk
942 _n0
999 _c110894
_d110894